<?xml version="1.0" encoding="UTF-8"?><?xml-stylesheet type="text/xsl" href="static/style.xsl"?><OAI-PMH xmlns="http://www.openarchives.org/OAI/2.0/" xmlns:xsi="http://www.w3.org/2001/XMLSchema-instance" xsi:schemaLocation="http://www.openarchives.org/OAI/2.0/ http://www.openarchives.org/OAI/2.0/OAI-PMH.xsd"><responseDate>2026-06-01T12:30:41Z</responseDate><request verb="GetRecord" identifier="oai:riuma.uma.es:10630/33688" metadataPrefix="marc">https://riuma.uma.es/rest/oai/request</request><GetRecord><record><header><identifier>oai:riuma.uma.es:10630/33688</identifier><datestamp>2026-02-03T11:07:08Z</datestamp><setSpec>com_10630_2254</setSpec><setSpec>col_10630_37953</setSpec></header><metadata><record xmlns="http://www.loc.gov/MARC21/slim" xmlns:dcterms="http://purl.org/dc/terms/" xmlns:doc="http://www.lyncode.com/xoai" xmlns:xsi="http://www.w3.org/2001/XMLSchema-instance" xsi:schemaLocation="http://www.loc.gov/MARC21/slim http://www.loc.gov/standards/marcxml/schema/MARC21slim.xsd">
   <leader>00925njm 22002777a 4500</leader>
   <datafield ind2=" " ind1=" " tag="042">
      <subfield code="a">dc</subfield>
   </datafield>
   <datafield ind2=" " ind1=" " tag="720">
      <subfield code="a">Álvarez-Sánchez, Patricia</subfield>
      <subfield code="e">author</subfield>
   </datafield>
   <datafield ind2=" " ind1=" " tag="260">
      <subfield code="c">2021</subfield>
   </datafield>
   <datafield ind2=" " ind1=" " tag="520">
      <subfield code="a">Este artículo analiza la utilización y privación del lenguaje en el contexto histórico que se retrata en la novela The Handmaid’s Tale (1985) de Margaret Atwood. Indaga también en la limitación de la performatividad del cuerpo femenino y en cómo su protagonista busca su identidad y trata de resistir un espacio y tiempo hostil a través de la reapropiación de ambos –lenguaje y cuerpo–. En nuestra argumentación nos serviremos de algunas ideas de Luce Irigaray, pero principalmente de dos obras de Judith Butler: Bodies that Matter: On the Discursive Limits of «Sex» (1993) y Excitable Speech: A Politics of the Performative (1997). Es importante recuperar esta obra de ficción, publicada en 1985, por la repercusión que han tenido tanto la exitosa serie basada en su argumento, de Bruce Miller, como la novela gráfica ilustrada por Renée Nault (2019). Nos serviremos de sus ilustraciones porque en ellas se enfatiza especialmente la relación entre el cuerpo y el lenguaje.</subfield>
   </datafield>
   <datafield ind1="8" ind2=" " tag="024">
      <subfield code="a">Álvarez Sánchez, P. Mujeres, cuerpos y lenguajes en The Handmaid’s Tale de Margaret Atwood: novela y novela gráfica. Ámbitos. Revista de estudios de ciencias sociales y humanidades. nº 45 (2021), pps. 39-52</subfield>
   </datafield>
   <datafield ind1="8" ind2=" " tag="024">
      <subfield code="a">1575-2100</subfield>
   </datafield>
   <datafield ind1="8" ind2=" " tag="024">
      <subfield code="a">https://hdl.handle.net/10630/33688</subfield>
   </datafield>
   <datafield tag="653" ind2=" " ind1=" ">
      <subfield code="a">Lengua estándar</subfield>
   </datafield>
   <datafield tag="653" ind2=" " ind1=" ">
      <subfield code="a">Identidad (Psicología)</subfield>
   </datafield>
   <datafield ind2="0" ind1="0" tag="245">
      <subfield code="a">Mujeres, cuerpos y lenguajes en The Handmaid's Tale de Margaret Atwood: novela y novela gráfica</subfield>
   </datafield>
</record>
</metadata></record></GetRecord></OAI-PMH>